Estatísticas para Freguesias dos Açores com um Mapa

Clique aqui para jogar o quiz

Estatísticas Gerais

  • Esse quiz foi jogado 208 vezes
  • A pontuação média é 61 de 155

Respostas no mapa

Respostas codificadas por cores de uma escala verde-vermelha no mapa do quiz de acordo com a % correta abaixo.
 

Estatísticas das Respostas

IslaConcelhoFreguesia% Correto
São MiguelPonta DelgadaSão Roque
82%
São JorgeCalhetaCalheta
75%
São MiguelPovoaçãoPovoação
75%
São MiguelLagoaSanta Cruz
75%
São MiguelNordesteSão Pedro de Nordestinho
75%
São Miguel
Ponta Delgada
São Pedro (Ponta Delgada)
75%
Santa MariaVila do PortoSão Pedro (Santa Maria)
75%
TerceiraAngra do HeroísmoSão Pedro (Terceira)
75%
São MiguelVila Franca do CampoSão Pedro (Vila Franca do Campo)
75%
TerceiraAngra do Heroísmo
75%
TerceiraPraia da VitóriaLajes
71%
São MiguelNordesteNordeste
71%
FaialHortaHorta
68%
FloresSanta Cruz das FloresPonta Delgada
68%
GraciosaSanta Cruz da GraciosaSão Mateus (Graciosa)
68%
São MiguelPonta DelgadaSete Cidades
68%
PicoMadalenaMadalena
64%
São MiguelRibeira GrandeRabo de Peixe
61%
TerceiraPraia da VitóriaSanta Cruz da Praia da Vitória
61%
São JorgeVelasVelas
61%
São MiguelPonta DelgadaCapelas
57%
São MiguelPovoação Furnas
57%
FloresLajes das FloresMosteiro
57%
São MiguelNordesteSanto António de Nordestinho
57%
Santa MariaVila do PortoVila do Porto
57%
São MiguelLagoaÁgua de Pau
54%
FloresLajes das FloresLajes das Flores
54%
PicoLajes do PicoLajes do Pico
54%
PicoLajes do PicoRibeiras
54%
FloresSanta Cruz das FloresSanta Cruz das Flores
54%
PicoSão Roque do PicoSanto António (Pico)
54%
São MiguelPonta DelgadaSanto Antonio (São Miguel)
54%
São MiguelPonta DelgadaSão José
54%
São JorgeVelasManadas
50%
São MiguelPonta DelgadaSanta Bárbara (Ponta Delgada)
50%
São MiguelRibeira GrandeSanta Bárbara (Ribeira Grande)
50%
Santa MariaVila do PortoSanta Bárbara (Santa Maria)
50%
TerceiraAngra do HeroísmoSanta Bárbara (Terceira)
50%
PicoSão Roque do PicoSão Roque do Pico
50%
São MiguelPonta DelgadaSão Sebastião
50%
São JorgeCalhetaTopo
50%
TerceiraAngra do HeroísmoVila de São Sebastião
50%
São MiguelPonta DelgadaFajã de Baixo
46%
São MiguelPonta DelgadaFajã de Cima
46%
FaialHortaFeteira (Faial)
46%
TerceiraAngra do HeroísmoFeteira (Terceira)
46%
São MiguelPonta DelgadaLivramento
46%
FloresLajes das FloresLomba
46%
São MiguelPovoação Ribeira Quente
46%
Graciosa
Santa Cruz da Graciosa
Santa Cruz da Graciosa
46%
São MiguelPonta DelgadaSão Vicente Ferrera
46%
São JorgeVelasUrzelina
46%
São MiguelPonta DelgadaGinetes
43%
São MiguelPonta DelgadaMosteiros
43%
FaialHortaRibeirinha (Faial)
43%
PicoLajes do PicoRibeirinha (Pico)
43%
São MiguelRibeira GrandeRibeirinha (São Miguel)
43%
TerceiraAngra do HeroísmoRibeirinha (Terceira)
43%
São MiguelPonta DelgadaSanta Clara
43%
São MiguelVila Franca do CampoSão Miguel
43%
São MiguelPonta DelgadaAjuda da Bretanha
39%
São MiguelPonta DelgadaArrifes
39%
PicoMadalenaCandelária (Pico)
39%
São MiguelPonta DelgadaCandelária (São Miguel)
39%
FloresLajes das FloresFajã Grande
39%
São MiguelPonta DelgadaFenais da Luz
39%
São MiguelPonta DelgadaPilar da Bretanha
39%
São MiguelVila Franca do CampoPonta Garça
39%
São MiguelPonta DelgadaRelva
39%
São MiguelRibeira GrandeRibeira Seca (Ribeira Grande)
39%
São JorgeCalhetaRibeira Seca (São Jorge)
39%
São MiguelVila Franca do CampoRibeira Seca (Vila Franca do Campo)
39%
São JorgeVelasRosais
39%
TerceiraAngra do HeroísmoSão Mateus da Calheta
39%
PicoMadalenaSão Mateus (Pico)
39%
São MiguelNordesteAchadinha
36%
São MiguelVila Franca do CampoÁgua de Alto
36%
São MiguelPovoação Água Retorta
36%
São MiguelPovoaçãoFaial da Terra
36%
FaialHortaFlamengos
36%
São MiguelRibeira GrandeLomba da Maia
36%
São MiguelRibeira GrandeMaia
36%
PicoSão Roque do PicoSanto Amaro (Pico)
36%
São JorgeVelasSanto Amaro (São Jorge)
36%
São MiguelNordesteAchada
32%
FaialHortaCapelo
32%
FaialHortaCedros (Faial)
32%
FloresSanta Cruz das FloresCedros (Flores)
32%
São MiguelPonta DelgadaCovoada
32%
TerceiraAngra do HeroísmoDoze Ribeiras
32%
FloresLajes das FloresFajãzinha
32%
São MiguelRibeira GrandeFenais da Ajuda
32%
FloresLajes das FloresLajedo
32%
São JorgeVelasNorte Grande
32%
São JorgeCalhetaNorte Pequeno
32%
São MiguelPovoação Nossa Senhora dos Remédios
32%
TerceiraAngra do HeroísmoPorto Judeu
32%
São MiguelPonta DelgadaRemédios
32%
São MiguelVila Franca do CampoRibeira das Tainhas
32%
TerceiraAngra do HeroísmoTerra Chã
32%
PicoLajes do PicoCalheta de Nesquim
29%
FaialHortaCastelo Branco
29%
TerceiraAngra do HeroísmoCinco Ribeiras
29%
FaialHortaConceição (Faial)
29%
São MiguelRibeira GrandeConceição (São Miguel)
29%
FloresLajes das FloresFazenda
29%
São MiguelPonta DelgadaFeteiras
29%
GraciosaSanta Cruz da GraciosaGuadalupe
29%
GraciosaSanta Cruz da GraciosaLuz
29%
São MiguelRibeira GrandePico da Pedra
29%
PicoSão Roque do PicoSanta Luzia (Pico)
29%
TerceiraAngra do HeroísmoSanta Luzia (Terceira)
29%
São JorgeCalhetaSanto Antão
29%
TerceiraAngra do HeroísmoSão Bartolomeu
29%
PicoLajes do PicoSão João
29%
São MiguelNordesteAlgarvia
25%
FaialHortaAngustias
25%
TerceiraPraia da VitóriaBiscoitos
25%
FloresSanta Cruz das FloresCaveira
25%
TerceiraPraia da VitóriaFontinhas
25%
TerceiraAngra do HeroísmoNossa Senhora da Conceição
25%
São MiguelLagoaNossa Senhora do Rosário
25%
FaialHortaPedro Miguel
25%
FaialHortaPraia de Almoxarife
25%
Santa MariaVila do PortoSanto Espírito
25%
TerceiraAngra do HeroísmoSão Bento
25%
TerceiraAngra do HeroísmoSerreta
25%
TerceiraPraia da VitóriaAgualva
21%
Santa MariaVila do PortoAlmagreira
21%
São MiguelLagoaCabouco
21%
São MiguelRibeira GrandeCalhetas
21%
PicoLajes do PicoPiedade
21%
TerceiraPraia da VitóriaPorto Martins
21%
TerceiraAngra do HeroísmoPosto Santo
21%
FaialHortaPraia do Norte
21%
PicoSão Roque do PicoPrainha do Norte
21%
TerceiraPraia da VitóriaQuatro Ribeiras
21%
TerceiraAngra do HeroísmoRaminho
21%
São MiguelLagoaRibeira Chã
21%
FaialHortaSalao
21%
São MiguelRibeira GrandeSão Brás (São Miguel)
21%
TerceiraPraia da VitóriaSão Brás (Terceira)
21%
TerceiraPraia da VitóriaVila Nova
21%
TerceiraAngra do HeroísmoAltares
18%
PicoMadalenaBandeiras
18%
TerceiraPraia da VitóriaCabo da Praia
18%
TerceiraPraia da VitóriaFonte do Bastardo
18%
São MiguelRibeira GrandeMatriz
18%
São MiguelRibeira GrandePorto Formoso
18%
São MiguelNordesteSalga
18%
São MiguelNordesteSantana
18%
PicoMadalenaCriação Velha
14%
São MiguelNordesteLomba da Fazenda
14%
São MiguelRibeira GrandeLomba de São Pedro
14%
PicoMadalenaSão Caetano
11%

Distribuição das Pontuações

Percentil de Números Respondidos

Porcentagem de Pessoas com Cada Pontuação

Sua Pontuação Histórica

Você não jogou esse quiz